000
00307nam a2200121Ia 4500
008
190216s9999||||xx |||||||||||||| ||und||
100
_a
Madan S Pathania
245
0
_a
Quantum Chemistry And Spectroscopy
260
_b
Vishal Publcations
_c
1984
300
_a
655p
650
_a
Chemistry-Chemistry
942
_c
BK
999
_c
2579
_d
2579